| 000 | 01702nam a2200265 i 4500 | ||
|---|---|---|---|
| 001 | 115591 | ||
| 003 | ES-MaACL | ||
| 005 | 20250809033903.0 | ||
| 007 | t| | ||
| 008 | 070320s19181921sp ||||1| spa d | ||
| 080 | _a340.122(02)"15" | ||
| 080 | _a348.1/.5(02)"15" | ||
| 100 | 1 |
_aSuárez, Francisco. _9108560 |
|
| 245 | 1 | 0 |
_aTratado de las leyes y de Dios legislador / _cpor Francisco Suárez ; vertido al castellano por Jaime Torrubiano Ripoll. |
| 260 |
_aMadrid : _bReus, _c1918-1921. |
||
| 300 |
_a11 v. ; _c18 cm. |
||
| 490 | 1 |
_aClásicos jurídicos ; _v1-11 |
|
| 505 | 8 | _aContiene: 1. De la ley en general y de su naturaleza, causas y efectos -- 2. De la ley eterna y de la natural y del derecho de gentes -- 3. De la ley positiva humana en sí misma y en cuanto puede considerarse en la pura naturaleza del hombre, la cual se llama también ley civil -- 4. De la ley positiva canónica -- 5. De la variedad de las leyes humanas y principalmente de las odiosas -- 6. De la interpretación, cesación y mudanza de las leyes humanas -- 7. De la ley no escrita que se llama costumbre -- 8. De la ley humana favorable o que concede privilegio (capítulos I-XXIII) -- 9. De la ley humana favorable o que concede privilegio(capítulos XXIV-XL) -- 10. De la ley divina positiva antigua (Libro IX, caps. I-XV) -- 11. De la ley divina positiva antigua (Libro IX, cap. XVI-XXII) ; De la ley nueva divina (Libro X, caps. I-VIII) | |
| 650 | 1 | 7 |
_aDerecho natural _2embne _911744 |
| 650 | 1 | 7 |
_aDerecho canónico _2embne _911655 |
| 700 | 1 |
_aTorrubiano Ripoll, Jaime. _9111063 |
|
| 830 | 0 |
_aClásicos jurídicos ; _v1-11 _9186349 |
|
| 852 |
_aES-MaACL _jC-5055-65 |
||
| 999 |
_c115591 _d115591 |
||